000 00784nam a2200277Ia 4500
003 OSt
005 20220925215202.0
006 a|||||r|||| 00| 0
007 ta
008 220923b |||||||| |||| 00| 0 eng d
020 _a0435825739
037 _cGeneral Book
040 _aRTL
_cRTL
_beng
041 _2eng
_aeng
082 _aY65:4:6, L1
100 _aMartin J P
_9255936
245 0 _aSocial consequences of conviction
260 _aLondon
_bHeinemann
_c1971
300 _axvi, 384p
_ccm.
490 _aCambridge Studies in Criminology
500 _aAppendix: P 224-373; Index:P375-84
650 _aCriminal Sociology
700 _a Webster D
_9282350
942 _hY65:4:6, L1
_cGB
_2CC
999 _c568146
_d568146